| 000 | 00502nam a2200181 a 4500 | ||
|---|---|---|---|
| 005 | 20250116063837.0 | ||
| 008 | 991125s1971 fr 000 0 fre u | ||
| 035 | _aUPN01000050229 | ||
| 049 | _aF | ||
| 050 | 4 |
_aLB5 _bB39 |
|
| 100 | 1 |
_aReimer, Everett W., _d1910-1998 _941900 |
|
| 245 | 1 | 0 |
_aQuelques idees insolites sur l'education / _cEverett Reimer. |
| 260 |
_a[París] : _bUNESCO, _c1971. |
||
| 300 | _a11 p. | ||
| 440 | 0 |
_aSérie B. _pOpinions ; _v39 |
|
| 650 | 4 |
_aEducación _9682 |
|
| 905 | _aLibro | ||
| 999 |
_c50229 _d50229 |
||